00491 2200181 4500001002100000005001500021035002000036007000300056008004100059020001800100082001000118084001700128100002000145245005400165260003800219300004200257650001000299INLIS00000000000020720231030094049 a0010-1023000143ta231030 g 0 ind  a979-489-039-1 a668.5 a668.5 TIT b0 aTitik Sudaryani1 aBudidaya dan Penyulingan Nilam /cTitik Sudaryani aJakarta :bPenebar Swadaya,c2001 avi, 69 hlm, :bilus, ;c15 cm x 21 cm 4aNilam